| 000 | 01638nam a2200373 a 4500 | ||
|---|---|---|---|
| 001 | ebr10152596 | ||
| 003 | CaPaEBR | ||
| 006 | m u | ||
| 007 | cr cn||||||||| | ||
| 008 | 050909s2005 caua sb 000 0 eng | ||
| 010 | _z 2005026168 | ||
| 020 | _z9780833041012 | ||
| 020 | _z0833038583 (pbk. : alk. paper) | ||
| 040 |
_aCaPaEBR _cCaPaEBR |
||
| 035 | _a(OCoLC)560201035 | ||
| 043 | _ae-ru--- | ||
| 050 | 1 | 4 |
_aHC340.12.Z9 _bI555 2005eb |
| 082 | 0 | 4 |
_a303.48/330947 _222 |
| 100 | 1 | _aPeterson, D. J. | |
| 245 | 1 | 0 |
_aRussia and the information revolution _h[electronic resource] / _cD.J. Peterson. |
| 260 |
_aSanta Monica, CA : _bRAND Corporation, _c2005. |
||
| 300 |
_axx, 118 p. : _bill. |
||
| 500 | _a"MG-422-CC"--P. 4 of cover. | ||
| 504 | _aIncludes bibliographical references (p. 113-118). | ||
| 505 | 0 | _aIntroduction -- The IT sector -- IT in business and industry -- IT in government -- IT in society -- Key findings and prospects for the future. | |
| 533 |
_aElectronic reproduction. _bPalo Alto, Calif. : _cebrary, _d2013. _nAvailable via World Wide Web. _nAccess may be limited to ebrary affiliated libraries. |
||
| 650 | 0 |
_aInformation society _zRussia (Federation) |
|
| 650 | 0 |
_aInformation technology _xEconomic aspects _zRussia (Federation) |
|
| 650 | 0 |
_aInformation technology _xPolitical aspects _zRussia (Federation) |
|
| 650 | 0 |
_aInformation technology _xSocial aspects _zRussia (Federation) |
|
| 655 | 7 |
_aElectronic books. _2local |
|
| 710 | 2 | _aebrary, Inc. | |
| 856 | 4 | 0 |
_uhttp://site.ebrary.com/lib/rucke/Doc?id=10152596 _zAn electronic book accessible through the World Wide Web; click to view |
| 999 |
_c192434 _d192434 |
||